[Event "IND-ch U20 Girls 50th"]
[Site "Gurugram"]
[Date "2022.03.10"]
[Round "4"]
[White "Tanishka, Kotia"]
[Black "Priyanka, Nutakki"]
[Result "1/2-1/2"]
[WhiteElo "1849"]
[BlackElo "2301"]
[PlyCount "112"]
[EventDate "2022.03.09"]
[EventType "swiss"]
[EventRounds "9"]
[EventCountry "IND"]
[SourceTitle "EXT 2023"]
[Source "ChessBase"]
[SourceDate "2022.10.05"]
[SourceVersion "1"]
[SourceVersionDate "2022.10.05"]
[SourceQuality "1"]

1. e4 e6 2. d4 d5 3. exd5 exd5 4. c4 Nf6 5. Nc3 Bb4 6. Nf3 0-0 7. Be2 dxc4 8. Bxc4 Bg4 9. 0-0 Nc6 10. Be3 Qd7 11. Be2 Rfe8 12. Qb3 Bxc3 13. bxc3 Nd5 14. Rae1 Na5 15. Qa3 Bxf3 16. Bxf3 b6 17. Bc1 c6 18. Be2 Nc7 19. Be3 Nd5 20. Bc1 Nf6 21. Be3 Qe6 22. Qa4 Ne4 23. Qc2 Nd6 24. Bd3 h6 25. Bd2 Qd5 26. Rxe8+ Rxe8 27. Re1 Rxe1+ 28. Bxe1 Qe6 29. Qe2 Qxe2 30. Bxe2 Kf8 31. f4 Ke7 32. Kf2 Ndc4 33. g4 Kd6 34. Kf3 b5 35. Ke4 Nb6 36. g5 Nd5 37. gxh6 gxh6 38. f5 Nf6+ 39. Kd3 Nc4 40. Bg3+ Kd7 41. Bf4 Ng8 42. Bf3 Nd6 43. d5 cxd5 44. Bxd5 Ne7 45. Bxd6 Kxd6 46. Bxf7 Nxf5 47. Ke4 Ne7 48. c4 bxc4 49. Bxc4 Nc6 50. Kf5 Ke7 51. Bd5 Nb4 52. Bb3 h5 53. h4 Kf8 54. Kg6 a5 55. a3 Nc6 56. Kxh5 Kg7 1/2-1/2

[Event "Speed Chess (Women) Q3"]
[Site "Chess.com INT"]
[Date "2021.05.30"]
[Round "1"]
[White "Nguyen, Thi Mai Hung"]
[Black "Tanishka, Kotia"]
[Result "1-0"]
[WhiteElo "2254"]
[BlackElo "1849"]
[PlyCount "81"]
[EventDate "2021.05.30"]
[EventType "swiss (blitz)"]
[EventRounds "21"]
[EventCountry "USA"]
[SourceTitle "CBM 202 Extra"]
[Source "ChessBase"]
[SourceDate "2021.07.31"]
[SourceVersion "1"]
[SourceVersionDate "2021.07.31"]
[SourceQuality "1"]

1. d4 Nf6 2. Nf3 g6 3. g3 Bg7 4. Bg2 d5 5. 0-0 0-0 6. c4 dxc4 7. Na3 Be6 8. Qc2 Bd5 9. Nxc4 Nc6 10. Rd1 Be4 11. Qb3 Nd5 12. Qxb7 Ncb4 13. Qb5 Rb8 14. Qa5 Nc2 15. Rb1 Nce3 16. Bxe3 Nxe3 17. Nxe3 Bxb1 18. Rxb1 Bxd4 19. Rd1 c5 20. Qxd8 Rfxd8 21. b3 a5 22. Nxd4 cxd4 23. Nd5 e5 24. Ne7+ Kf8 25. Nc6 Rbc8 26. Nxd8 Rxd8 27. e3 d3 28. Be4 d2 29. Kf1 f5 30. Bc6 Rc8 31. Bb5 Rc2 32. a4 Rb2 33. Bc4 Ke7 34. Ke2 Rc2 35. Rxd2 Rc1 36. Rd5 Kf6 37. Rxa5 Rh1 38. h4 h6 39. Ra6+ Kg7 40. Ra7+ Kf6 41. Rf7# 1-0

[Event "Speed Chess (Women) Q3"]
[Site "Chess.com INT"]
[Date "2021.05.30"]
[Round "11"]
[White "Petrova, Irina"]
[Black "Tanishka, Kotia"]
[Result "1-0"]
[WhiteElo "2110"]
[BlackElo "1849"]
[PlyCount "55"]
[EventDate "2021.05.30"]
[EventType "swiss (blitz)"]
[EventRounds "21"]
[EventCountry "USA"]
[SourceTitle "CBM 202 Extra"]
[Source "ChessBase"]
[SourceDate "2021.07.31"]
[SourceVersion "1"]
[SourceVersionDate "2021.07.31"]
[SourceQuality "1"]

1. e4 c5 2. Nf3 Nc6 3. Bb5 g6 4. Bxc6 dxc6 5. d3 Bg7 6. Nc3 Nf6 7. Be3 b6 8. h3 0-0 9. Qd2 Qc7 10. 0-0 Ba6 11. Nh2 Rad8 12. f4 e6 13. e5 Nd5 14. Ne4 c4 15. Ng4 cxd3 16. cxd3 Nxe3 17. Qxe3 Rxd3 18. Ngf6+ Kh8 19. Qf2 Bxf6 20. Nxf6 Kg7 21. Qh4 Rh8 22. Rad1 Rxd1 23. Rxd1 Be2 24. Rd2 Bc4 25. Rd7 Qc8 26. Nh5+ gxh5 27. Qf6+ Kg8 28. Qxf7# 1-0

[Event "Speed Chess (Women) Q1"]
[Site "Chess.com INT"]
[Date "2021.05.28"]
[Round "1"]
[White "Tanishka, Kotia"]
[Black "Michelle, Catherina P"]
[Result "0-1"]
[WhiteElo "1849"]
[BlackElo "2176"]
[PlyCount "148"]
[EventDate "2021.05.28"]
[EventType "swiss (blitz)"]
[EventRounds "9"]
[EventCountry "USA"]
[SourceTitle "CBM 202 Extra"]
[Source "ChessBase"]
[SourceDate "2021.07.31"]
[SourceVersion "1"]
[SourceVersionDate "2021.07.31"]
[SourceQuality "1"]

1. d4 Nf6 2. Bf4 e6 3. Nf3 c5 4. e3 Be7 5. c3 0-0 6. Bd3 b6 7. 0-0 Bb7 8. Nbd2 d6 9. e4 cxd4 10. cxd4 Nbd7 11. Rc1 Nh5 12. Bg3 Nxg3 13. hxg3 e5 14. d5 Nc5 15. Bb1 a5 16. Nb3 a4 17. Nxc5 bxc5 18. Bc2 Qa5 19. Nd2 Ba6 20. Re1 Bg5 21. f4 exf4 22. Nf3 Bf6 23. gxf4 Bxb2 24. Rb1 Bc3 25. Re3 Bc4 26. Bxa4 Bxa2 27. Rb5 Qxa4 28. Qxa4 Rxa4 29. Rxc3 Rxe4 30. g3 Bxd5 31. Rb6 Rd8 32. Rd3 Be6 33. Rdxd6 Rxd6 34. Rxd6 h6 35. Rc6 c4 36. Ne5 Re3 37. Kf2 Rc3 38. f5 Bxf5 39. Rxc4 Rxc4 40. Nxc4 Be6 41. Ne3 h5 42. Kg2 g6 43. Kf2 Kg7 44. Kf3 Kf6 45. Kf4 g5+ 46. Kf3 Ke5 47. Nc2 f5 48. Ne3 Bd5+ 49. Kf2 Ke4 50. Nc2 Ke5 51. Nb4 Be4 52. Na2 Kd4 53. Nb4 h4 54. gxh4 gxh4 55. Kg1 h3 56. Kh2 Bg2 57. Nc2+ Kd3 58. Ne1+ Ke2 59. Nc2 f4 60. Nd4+ Kd3 61. Nf5 f3 62. Ng3 Ke3 63. Nh5 f2 64. Ng3 Kf3 65. Nf1 Bxf1 66. Kh1 Bg2+ 67. Kh2 Ke3 68. Kg3 f1Q 69. Kh2 Qf4+ 70. Kg1 h2+ 71. Kxg2 Qf2+ 72. Kh3 h1Q+ 73. Kg4 Qhg1+ 74. Kh5 Qfh2# 0-1

[Event "Speed Chess (Women) Q1"]
[Site "Chess.com INT"]
[Date "2021.05.28"]
[Round "3"]
[White "Zhou, Qiyu"]
[Black "Tanishka, Kotia"]
[Result "1-0"]
[WhiteElo "2229"]
[BlackElo "1849"]
[PlyCount "65"]
[EventDate "2021.05.28"]
[EventType "swiss (blitz)"]
[EventRounds "9"]
[EventCountry "USA"]
[SourceTitle "CBM 202 Extra"]
[Source "ChessBase"]
[SourceDate "2021.07.31"]
[SourceVersion "1"]
[SourceVersionDate "2021.07.31"]
[SourceQuality "1"]

1. e4 c5 2. Nf3 Nc6 3. d4 cxd4 4. Nxd4 g6 5. Nc3 Bg7 6. Be3 Nf6 7. Bc4 0-0 8. Bb3 a5 9. 0-0 a4 10. Nxa4 Nxe4 11. Nb5 Ra6 12. f3 Nf6 13. Nc5 Ra5 14. c4 d5 15. Qe2 d4 16. Rfd1 e5 17. Bg5 Qb6 18. Nd3 Re8 19. Qf1 Bf5 20. Rac1 Nd7 21. Nd6 Bxd3 22. Rxd3 Re6 23. c5 Nxc5 24. Bxe6 fxe6 25. Nc4 Qa7 26. Nxa5 Nxa5 27. Ra3 Qb6 28. Qf2 Bf8 29. Kh1 Na6 30. Rc8 Kg7 31. Qh4 Bxa3 32. Qh6+ Kf7 33. Qxh7# 1-0

[Event "Navrangpura AICF (Women)"]
[Site "Navrangpura"]
[Date "2019.11.17"]
[Round "10"]
[White "Tanishka, Kotia"]
[Black "Nguyen, Thi Mai Hung"]
[Result "1/2-1/2"]
[WhiteElo "1909"]
[BlackElo "2270"]
[PlyCount "104"]
[EventDate "2019.11.11"]
[EventType "tourn"]
[EventRounds "11"]
[EventCountry "IND"]
[SourceTitle "CBM 193 Extra"]
[Source "ChessBase"]
[SourceDate "2020.01.31"]
[SourceVersion "1"]
[SourceVersionDate "2020.01.31"]
[SourceQuality "1"]

1. e4 c5 2. c3 g6 3. d4 cxd4 4. cxd4 d5 5. e5 Bg7 6. Nf3 Nc6 7. Nc3 Bg4 8. Bb5 Nh6 9. h3 Bxf3 10. Qxf3 Nf5 11. Qd3 e6 12. Bxc6+ bxc6 13. g4 Ne7 14. 0-0 Rb8 15. Na4 0-0 16. Bf4 c5 17. Nxc5 Nc6 18. b3 Qe7 19. Qe3 Rfc8 20. Bg5 Qe8 21. Rac1 Nb4 22. a3 Nc6 23. Rfd1 Na5 24. Rc3 Bf8 25. Bh6 Be7 26. Qf4 Rb6 27. Rdd3 Nb7 28. Rf3 Nxc5 29. b4 Rb7 30. dxc5 a5 31. Qd4 axb4 32. axb4 Qa4 33. Ra3 Qxb4 34. Qxb4 Rxb4 35. Ra7 Bf8 36. Bd2 Rb1+ 37. Kg2 Bxc5 38. Raxf7 Rf8 39. Rxf8+ Bxf8 40. Rc3 Rb7 41. Be3 Kf7 42. Bd4 Be7 43. Kg3 Rb4 44. Rd3 Ra4 45. h4 Ke8 46. h5 gxh5 47. gxh5 Kf7 48. f4 Ra2 49. Be3 Ra3 50. Rxa3 Bxa3 51. Bd4 Bc1 52. Kg4 Bd2 1/2-1/2

[Event "Navrangpura AICF (Women)"]
[Site "Navrangpura"]
[Date "2019.11.16"]
[Round "8"]
[White "Enkhtuul, Altanulzii"]
[Black "Tanishka, Kotia"]
[Result "1-0"]
[WhiteElo "2237"]
[BlackElo "1909"]
[PlyCount "111"]
[EventDate "2019.11.11"]
[EventType "tourn"]
[EventRounds "11"]
[EventCountry "IND"]
[SourceTitle "CBM 193 Extra"]
[Source "ChessBase"]
[SourceDate "2020.01.31"]
[SourceVersion "1"]
[SourceVersionDate "2020.01.31"]
[SourceQuality "1"]

1. d4 Nf6 2. Nf3 e6 3. g3 b6 4. Bg2 Bb7 5. 0-0 c5 6. Bg5 Be7 7. c3 0-0 8. Nbd2 Na6 9. Qb1 cxd4 10. Nxd4 Bxg2 11. Kxg2 h6 12. Bxf6 Bxf6 13. N2f3 d5 14. Rd1 Nc5 15. Qc2 Rc8 16. Rac1 Bxd4 17. Rxd4 b5 18. Rcd1 Qb6 19. Ne5 Qc7 20. Nd3 Ne4 21. Rb4 Rb8 22. a4 bxa4 23. Rxa4 Rfc8 24. Rda1 Rb7 25. Ra5 Rcb8 26. Qa4 Ra8 27. Ra2 Qb6 28. Ra6 Qc7 29. Rc6 Qe7 30. Qa6 Rc7 31. Nb4 Nc5 32. Qb5 a6 33. Rxc7 Qxc7 34. Nxa6 Nxa6 35. Rxa6 Rb8 36. Qa4 Qb7 37. Ra7 Qxb2 38. Qf4 Rf8 39. Qe3 Rc8 40. Qf3 Rf8 41. h4 Qb6 42. Ra4 Qc6 43. Rg4 e5 44. c4 e4 45. Qc3 f6 46. Qd2 Qe6 47. Qxd5 Qxd5 48. cxd5 f5 49. Rg6 h5 50. Rg5 Rf6 51. Rxh5 g6 52. Rg5 Kf7 53. f3 exf3+ 54. Kxf3 Ke7 55. h5 gxh5 56. Rxh5 1-0

[Event "Navrangpura AICF (Women)"]
[Site "Navrangpura"]
[Date "2019.11.13"]
[Round "4"]
[White "Mrudul, Dehankar"]
[Black "Tanishka, Kotia"]
[Result "1-0"]
[WhiteElo "2114"]
[BlackElo "1909"]
[PlyCount "79"]
[EventDate "2019.11.11"]
[EventType "tourn"]
[EventRounds "11"]
[EventCountry "IND"]
[SourceTitle "CBM 193 Extra"]
[Source "ChessBase"]
[SourceDate "2020.01.31"]
[SourceVersion "1"]
[SourceVersionDate "2020.01.31"]
[SourceQuality "1"]

1. e4 c5 2. Nf3 g6 3. d4 cxd4 4. Qxd4 Nf6 5. Nc3 Nc6 6. Qa4 d6 7. e5 Ng4 8. exd6 Qb6 9. h3 Qxf2+ 10. Kd1 Nf6 11. Nb5 Nd5 12. c4 Nb6 13. Qb3 Bg7 14. Be3 Qxb2 15. Qxb2 Bxb2 16. Rb1 Na4 17. Nc7+ Kd8 18. Nxa8 exd6 19. Bd3 Nb4 20. Bd4 Nxd3 21. Bxh8 Bxh8 22. Kd2 Nac5 23. h4 h5 24. Rhf1 Bg7 25. a4 Bf5 26. a5 Kc8 27. Ng5 f6 28. Rxf5 gxf5 29. Ne6 Nxe6 30. Kxd3 Kb8 31. Re1 Nc5+ 32. Kd4 Ne4 33. Kd5 Kxa8 34. Ke6 a6 35. Kxf5 Nd2 36. Kg6 Nxc4 37. Kxg7 Nxa5 38. g4 Nc6 39. gxh5 Ne5 40. h6 1-0

[Event "Wch U20 Girls 37th"]
[Site "New Delhi"]
[Date "2019.10.16"]
[Round "2"]
[White "Tanishka, Kotia"]
[Black "Narva, Mai"]
[Result "0-1"]
[WhiteElo "2090"]
[BlackElo "2378"]
[PlyCount "68"]
[EventDate "2019.10.15"]
[EventType "swiss"]
[EventRounds "11"]
[EventCountry "IND"]
[SourceTitle "CBM 192 Extra"]
[Source "Chessbase"]
[SourceDate "2019.11.06"]
[SourceVersion "1"]
[SourceVersionDate "2019.11.06"]
[SourceQuality "1"]

1. e4 c5 2. c3 Nf6 3. e5 Nd5 4. d4 cxd4 5. cxd4 d6 6. Nf3 Nc6 7. Bc4 Nb6 8. Bb5 Bd7 9. Nc3 dxe5 10. dxe5 g6 11. 0-0 Bg7 12. Bf4 0-0 13. Qe2 a6 14. Bxc6 Bxc6 15. Rfd1 Nd5 16. Nxd5 Bxd5 17. Qe3 Rc8 18. Bh6 e6 19. h3 Rc2 20. b3 Qa5 21. Bxg7 Kxg7 22. Nh2 h5 23. g4 Qc3 24. Nf1 hxg4 25. Qxc3 Rxc3 26. hxg4 Rh3 27. Ng3 Rfh8 28. Kf1 Bf3 29. Ke1 Bxd1 30. Rxd1 Rc8 31. Rd7 Rc2 32. Rxb7 Rh2 33. Rb4 Rhxf2 34. a4 Rg2 0-1

[Event "Wch U20 Girls 37th"]
[Site "New Delhi"]
[Date "2019.10.15"]
[Round "1"]
[White "Zhu, Jiner"]
[Black "Tanishka, Kotia"]
[Result "1/2-1/2"]
[WhiteElo "2507"]
[BlackElo "2090"]
[PlyCount "92"]
[EventDate "2019.10.15"]
[EventType "swiss"]
[EventRounds "11"]
[EventCountry "IND"]
[SourceTitle "CBM 192 Extra"]
[Source "Chessbase"]
[SourceDate "2019.11.06"]
[SourceVersion "1"]
[SourceVersionDate "2019.11.06"]
[SourceQuality "1"]

1. e4 c5 2. Nf3 Nc6 3. d4 cxd4 4. Nxd4 Nf6 5. Nc3 g6 6. Nxc6 bxc6 7. e5 Ng8 8. Bc4 Bg7 9. Bf4 Qb6 10. 0-0 f5 11. Re1 e6 12. Bb3 Nh6 13. Na4 Qc7 14. Be3 Nf7 15. f4 0-0 16. Nc5 g5 17. g3 gxf4 18. gxf4 Nh6 19. h3 Kh8 20. Qf3 Ng8 21. Rad1 Ne7 22. c4 Ng6 23. Re2 Rf7 24. Kh1 Bf8 25. Rg1 Qa5 26. Nd3 Bb7 27. Kh2 Rg7 28. Bf2 Be7 29. h4 Rag8 30. h5 Nh4 31. Bxh4 Bxh4 32. Rgg2 Qd8 33. Bd1 Rxg2+ 34. Rxg2 Rxg2+ 35. Qxg2 Qg8 36. Qh3 Be7 37. Bf3 Ba8 38. b4 Qf8 39. a3 Qd8 40. Qg2 Qg8 41. Qf2 Qb8 42. Qd4 Qc7 43. Nc5 a5 44. Na6 Qc8 45. Qb6 axb4 46. axb4 c5 1/2-1/2

[Event "Aktobe Dvorkovich Cup U16"]
[Site "Aktobe"]
[Date "2019.09.23"]
[Round "3.1"]
[White "Ismayil, Malak"]
[Black "Tanishka, Kotia"]
[Result "1-0"]
[WhiteElo "1954"]
[BlackElo "2164"]
[PlyCount "51"]
[EventDate "2019.09.23"]
[EventType "team-tourn (rapid)"]
[EventRounds "9"]
[EventCountry "KAZ"]
[SourceTitle "EXT 2020"]
[Source "ChessBase"]
[SourceDate "2019.10.17"]
[SourceVersion "1"]
[SourceVersionDate "2019.10.17"]
[SourceQuality "1"]
[WhiteTeam "Azerbaijan U16"]
[BlackTeam "India U16"]
[WhiteTeamCountry "AZE"]
[BlackTeamCountry "IND"]

1. e4 c5 2. Nf3 Nc6 3. Bb5 g6 4. c3 Bg7 5. d4 cxd4 6. cxd4 Qb6 7. Bxc6 dxc6 8. h3 Nf6 9. Nc3 0-0 10. 0-0 Rd8 11. Qc2 Bd7 12. Be3 Rac8 13. Ne5 Be8 14. Rfd1 Qc7 15. f4 b6 16. b4 Nd7 17. Nf3 c5 18. dxc5 bxc5 19. Nd5 Qb8 20. Nxe7+ Kh8 21. Nxc8 Bxa1 22. Nxa7 Qxa7 23. Rxa1 Qa3 24. Bxc5 Nxc5 25. Qxc5 Qb2 26. Qf8# 1-0

[Event "Paracin Summer op-A 12th"]
[Site "Paracin"]
[Date "2019.07.11"]
[Round "8"]
[White "Tanishka, Kotia"]
[Black "Pasti, Aron"]
[Result "1-0"]
[WhiteElo "1942"]
[BlackElo "2209"]
[PlyCount "91"]
[EventDate "2019.07.05"]
[EventType "swiss"]
[EventRounds "9"]
[EventCountry "SRB"]
[SourceTitle "EXT 2022"]
[Source "ChessBase"]
[SourceDate "2021.10.06"]
[SourceVersion "1"]
[SourceVersionDate "2021.10.06"]
[SourceQuality "1"]

1. e4 c5 2. c3 Nf6 3. e5 Nd5 4. d4 cxd4 5. cxd4 e6 6. Nf3 d6 7. Bc4 Be7 8. 0-0 0-0 9. Bd2 b6 10. Nc3 Nxc3 11. Bxc3 Bb7 12. Rc1 d5 13. Bd3 Nd7 14. Re1 Re8 15. Qc2 g6 16. Qe2 Rc8 17. Bd2 Rxc1 18. Rxc1 Qb8 19. Ng5 Bxg5 20. Bxg5 Rc8 21. Re1 Rc7 22. Bh6 Qc8 23. h4 Qe8 24. h5 Nf8 25. Qe3 Qe7 26. Bg5 Qe8 27. Bf6 Nd7 28. Bb5 Bc8 29. Rc1 Rxc1+ 30. Qxc1 a6 31. Bc6 Qf8 32. Bxd7 Bxd7 33. Qc7 Qc8 34. Qxb6 Be8 35. Kh2 Qc6 36. Qb8 Qb5 37. Qd8 Qc6 38. Qa5 Qc2 39. Qd8 Qc6 40. b3 Qb5 41. Qc7 Qe2 42. f3 Qb5 43. Qc1 Qb4 44. a3 Qf8 45. h6 Bd7 46. Qg5 1-0

[Event "Nis op"]
[Site "Nis"]
[Date "2019.07.04"]
[Round "9"]
[White "Terziev, Dimo"]
[Black "Tanishka, Kotia"]
[Result "1-0"]
[WhiteElo "2166"]
[BlackElo "1821"]
[PlyCount "63"]
[EventDate "2019.06.25"]
[EventType "swiss"]
[EventRounds "9"]
[EventCountry "SRB"]
[SourceTitle "EXT 2020"]
[Source "ChessBase"]
[SourceDate "2019.10.17"]
[SourceVersion "1"]
[SourceVersionDate "2019.10.17"]
[SourceQuality "1"]

1. e4 e6 2. d4 d5 3. Nd2 Nf6 4. e5 Nfd7 5. Bd3 c5 6. c3 Nc6 7. Ndf3 f6 8. Ng5 cxd4 9. Nxe6 Qa5 10. Qh5+ g6 11. Bxg6+ hxg6 12. Qxh8 dxc3 13. b3 Ncxe5 14. Nxf8 Nxf8 15. Bh6 c2+ 16. Kf1 Qa6+ 17. Ne2 Ned7 18. Re1 Qd3 19. f3 Ke7 20. Kf2 Ne6 21. Nc1 Qd4+ 22. Be3 Qc3 23. Qh7+ Kd6 24. Qxg6 Ne5 25. Qf5 Kc7 26. Qh7+ Kb8 27. Re2 d4 28. Bd2 Qc5 29. Nd3 Nxd3+ 30. Qxd3 Bd7 31. a4 Qc7 32. Rc1 1-0

[Event "Nis op"]
[Site "Nis"]
[Date "2019.06.28"]
[Round "4"]
[White "Tanishka, Kotia"]
[Black "Tyurin, Artem"]
[Result "1-0"]
[WhiteElo "1821"]
[BlackElo "2107"]
[PlyCount "79"]
[EventDate "2019.06.25"]
[EventType "swiss"]
[EventRounds "9"]
[EventCountry "SRB"]
[SourceTitle "EXT 2020"]
[Source "ChessBase"]
[SourceDate "2019.10.17"]
[SourceVersion "1"]
[SourceVersionDate "2019.10.17"]
[SourceQuality "1"]

1. e4 c5 2. c3 d5 3. e5 Nc6 4. d4 Bf5 5. Nf3 e6 6. Be3 Qb6 7. Qb3 Nge7 8. dxc5 Qxb3 9. axb3 Ng6 10. Bb5 Be7 11. h4 0-0 12. Bxc6 bxc6 13. h5 Nh8 14. b4 Bxb1 15. Rxb1 a5 16. Nd4 Rfc8 17. Ke2 axb4 18. cxb4 Rab8 19. b5 cxb5 20. b4 Kf8 21. Ra1 Bd8 22. Ra7 g6 23. hxg6 Nxg6 24. Rxh7 Rc7 25. Rxc7 Bxc7 26. Nxe6+ fxe6 27. Rxc7 Nxe5 28. Bf4 Nc4 29. Rh7 Kg8 30. Bxb8 Kxh7 31. c6 Kg6 32. f4 Kf5 33. Kd3 Nb6 34. Kd4 Nc8 35. Be5 Ne7 36. Kc5 d4 37. Bxd4 Kxf4 38. c7 Ke4 39. Kd6 Nf5+ 40. Kd7 1-0

[Event "Veliko Gradiste Silver Lake op"]
[Site "Veliko Gradiste"]
[Date "2019.06.21"]
[Round "7"]
[White "Tanishka, Kotia"]
[Black "Gandhi, Anish"]
[Result "1-0"]
[WhiteElo "1821"]
[BlackElo "2185"]
[PlyCount "57"]
[EventDate "2019.06.16"]
[EventType "swiss"]
[EventRounds "9"]
[EventCountry "SRB"]
[SourceTitle "CBM 191 Extra"]
[Source "ChessBase"]
[SourceDate "2019.09.30"]
[SourceVersion "1"]
[SourceVersionDate "2019.09.30"]
[SourceQuality "1"]

1. e4 c5 2. c3 d6 3. d4 Nf6 4. Bd3 g6 5. Nf3 Bg7 6. 0-0 0-0 7. h3 Qc7 8. Bf4 Nbd7 9. Nbd2 Nh5 10. Be3 e5 11. Re1 b6 12. Nf1 Bb7 13. Qd2 exd4 14. cxd4 cxd4 15. Bxd4 Ne5 16. N1h2 Rfe8 17. Rac1 Qd7 18. Bc2 Qb5 19. a4 Qd7 20. Bxe5 Bxe5 21. Nxe5 Rxe5 22. Ng4 Ree8 23. Qd4 h6 24. Nxh6+ Kh7 25. Ng4 d5 26. e5 Qe6 27. Qd2 Rad8 28. Qg5 d4 29. Qxh5+ 1-0

[Event "IND-ch U19 Girls"]
[Site "New Delhi"]
[Date "2018.11.30"]
[Round "4"]
[White "Tanishka, Kotia"]
[Black "Aakanksha, Hagawane"]
[Result "0-1"]
[WhiteElo "1951"]
[BlackElo "2264"]
[PlyCount "60"]
[EventDate "2018.11.28"]
[EventType "swiss"]
[EventRounds "11"]
[EventCountry "IND"]
[SourceTitle "CBM 187 Extra"]
[Source "ChessBase"]
[SourceDate "2018.11.04"]
[SourceVersion "1"]
[SourceVersionDate "2018.11.04"]
[SourceQuality "1"]

1. c4 Nf6 2. Nc3 d5 3. cxd5 Nxd5 4. g3 e5 5. Bg2 Be6 6. Nf3 Nc6 7. 0-0 Be7 8. d4 exd4 9. Nxd4 Nxc3 10. Bxc6+ bxc6 11. bxc3 Bd7 12. e4 0-0 13. Bf4 Qc8 14. Rb1 c5 15. Nb5 Bxb5 16. Rxb5 Qa6 17. Qb1 Qf6 18. e5 Qe6 19. Qb3 c4 20. Qa4 a6 21. Rb7 Rfc8 22. Rd1 Rab8 23. Rxb8 Rxb8 24. Kg2 Rb5 25. Rd4 Qc6+ 26. Kh3 g5 27. Bc1 h5 28. Bxg5 Bxg5 29. Rxc4 Qh1 30. g4 Qf3# 0-1

[Event "Gujarat op 1st"]
[Site "Ahmedabad"]
[Date "2018.10.05"]
[Round "1"]
[White "Rathanvel, VS."]
[Black "Tanishka, Kotia"]
[Result "1-0"]
[WhiteElo "2341"]
[BlackElo "1892"]
[PlyCount "53"]
[EventDate "2018.10.05"]
[EventType "swiss"]
[EventRounds "10"]
[EventCountry "IND"]
[SourceTitle "CBM 186 Extra"]
[Source "ChessBase"]
[SourceDate "2018.08.24"]
[SourceVersion "1"]
[SourceVersionDate "2018.08.24"]
[SourceQuality "1"]

1. e4 d5 2. exd5 Nf6 3. d4 Bg4 4. f3 Bf5 5. Bb5+ Nbd7 6. c4 a6 7. Bxd7+ Qxd7 8. Ne2 e6 9. dxe6 Qxe6 10. b3 0-0-0 11. 0-0 Bc5 12. Bb2 Qe3+ 13. Rf2 Rhe8 14. Qd2 Bd3 15. Qxe3 Rxe3 16. dxc5 Bxe2 17. Nc3 Bd3 18. Rd1 Rde8 19. Rfd2 Re1+ 20. Kf2 Rxd1 21. Nxd1 Bg6 22. Bxf6 gxf6 23. Nc3 Re5 24. Nd5 c6 25. Nb6+ Kc7 26. Rd7+ Kb8 27. Rd8+ 1-0